<?xml version="1.0" encoding="UTF-8"?>
<record
    xmlns:xsi="http://www.w3.org/2001/XMLSchema-instance"
    xsi:schemaLocation="http://www.loc.gov/MARC21/slim http://www.loc.gov/standards/marcxml/schema/MARC21slim.xsd"
    xmlns="http://www.loc.gov/MARC21/slim">

  <leader>01197nam2a22002531  4500</leader>
  <controlfield tag="001">rc\3487839</controlfield>
  <controlfield tag="005">20250610011642.0</controlfield>
  <datafield tag="035" ind1=" " ind2=" ">
    <subfield code="a">(NLR Aleph) 007605438</subfield>
  </datafield>
  <datafield tag="090" ind1=" " ind2=" ">
    <subfield code="a">5759956</subfield>
    <subfield code="c">5759956</subfield>
  </datafield>
  <datafield tag="100" ind1=" " ind2=" ">
    <subfield code="a">20130115d1974    |||y0rusy50      ca</subfield>
  </datafield>
  <datafield tag="101" ind1="0" ind2=" ">
    <subfield code="a">rus</subfield>
  </datafield>
  <datafield tag="102" ind1=" " ind2=" ">
    <subfield code="a">RU</subfield>
  </datafield>
  <datafield tag="105" ind1=" " ind2=" ">
    <subfield code="a">y   z   |||||</subfield>
  </datafield>
  <datafield tag="200" ind1="0" ind2=" ">
    <subfield code="a">...1970-1973 &#x433;&#x433;.</subfield>
    <subfield code="f">[&#x421;&#x43E;&#x441;&#x442;. &#x415;. &#x421;&#x430;&#x434;&#x430;&#x445;&#x438;&#x43D;&#x430;]</subfield>
  </datafield>
  <datafield tag="210" ind1=" " ind2=" ">
    <subfield code="d">1974</subfield>
    <subfield code="a">&#x411;. &#x43C;.</subfield>
  </datafield>
  <datafield tag="215" ind1=" " ind2=" ">
    <subfield code="a">15 &#x441;.</subfield>
  </datafield>
  <datafield tag="461" ind1=" " ind2="0">
    <subfield code="1">001rc\3487838</subfield>
    <subfield code="1">2001#$a&#x41D;&#x430;&#x443;&#x447;&#x43D;&#x430;&#x44F; &#x43E;&#x440;&#x433;&#x430;&#x43D;&#x438;&#x437;&#x430;&#x446;&#x438;&#x44F; &#x442;&#x440;&#x443;&#x434;&#x430; &#x438; &#x443;&#x43F;&#x440;&#x430;&#x432;&#x43B;&#x435;&#x43D;&#x438;&#x44F; &#x432; &#x433;&#x43E;&#x441;&#x443;&#x434;&#x430;&#x440;&#x441;&#x442;&#x432;&#x435;&#x43D;&#x43D;&#x44B;&#x445; &#x443;&#x447;&#x440;&#x435;&#x436;&#x434;&#x435;&#x43D;&#x438;&#x44F;&#x445;$e&#x41A;&#x43D;&#x438;&#x433;&#x438; &#x438; &#x436;&#x443;&#x440;&#x43D;. &#x441;&#x442;&#x430;&#x442;&#x44C;&#x438;...$e&#x41D;&#x430; &#x440;&#x443;&#x441;. &#x44F;&#x437;. &#x438; &#x44F;&#x437;. &#x434;&#x440;&#x443;&#x433;&#x438;&#x445; &#x43D;&#x430;&#x440;&#x43E;&#x434;&#x43E;&#x432; &#x421;&#x421;&#x421;&#x420;$v...1970-1973 &#x433;&#x433;.</subfield>
    <subfield code="9">5759947</subfield>
    <subfield code="c">&#x427;&#x438;&#x43C;&#x43A;&#x435;&#x43D;&#x442;</subfield>
    <subfield code="d">1974</subfield>
    <subfield code="n">&#x411;. &#x438;.</subfield>
    <subfield code="o">&#x41A;&#x43D;&#x438;&#x433;&#x438; &#x438; &#x436;&#x443;&#x440;&#x43D;. &#x441;&#x442;&#x430;&#x442;&#x44C;&#x438;... : &#x41D;&#x430; &#x440;&#x443;&#x441;. &#x44F;&#x437;. &#x438; &#x44F;&#x437;. &#x434;&#x440;&#x443;&#x433;&#x438;&#x445; &#x43D;&#x430;&#x440;&#x43E;&#x434;&#x43E;&#x432; &#x421;&#x421;&#x421;&#x420;</subfield>
    <subfield code="t">&#x41D;&#x430;&#x443;&#x447;&#x43D;&#x430;&#x44F; &#x43E;&#x440;&#x433;&#x430;&#x43D;&#x438;&#x437;&#x430;&#x446;&#x438;&#x44F; &#x442;&#x440;&#x443;&#x434;&#x430; &#x438; &#x443;&#x43F;&#x440;&#x430;&#x432;&#x43B;&#x435;&#x43D;&#x438;&#x44F; &#x432; &#x433;&#x43E;&#x441;&#x443;&#x434;&#x430;&#x440;&#x441;&#x442;&#x432;&#x435;&#x43D;&#x43D;&#x44B;&#x445; &#x443;&#x447;&#x440;&#x435;&#x436;&#x434;&#x435;&#x43D;&#x438;&#x44F;&#x445;</subfield>
    <subfield code="v">...1970-1973 &#x433;&#x433;.</subfield>
  </datafield>
  <datafield tag="702" ind1=" " ind2="1">
    <subfield code="a">&#x421;&#x430;&#x434;&#x430;&#x445;&#x438;&#x43D;&#x430;</subfield>
    <subfield code="b">&#x415;.</subfield>
    <subfield code="4">220</subfield>
  </datafield>
  <datafield tag="801" ind1=" " ind2="0">
    <subfield code="a">RU</subfield>
    <subfield code="b">NLR</subfield>
    <subfield code="g">psbo</subfield>
  </datafield>
  <datafield tag="801" ind1=" " ind2="1">
    <subfield code="a">RU</subfield>
    <subfield code="b">ELAR</subfield>
    <subfield code="2">rusmarc</subfield>
  </datafield>
  <datafield tag="852" ind1=" " ind2=" ">
    <subfield code="a">NLR</subfield>
    <subfield code="j">&#x421;737-420/&#x422;-32</subfield>
  </datafield>
  <datafield tag="942" ind1=" " ind2=" ">
    <subfield code="c">BOOK</subfield>
  </datafield>
  <datafield tag="980" ind1=" " ind2=" ">
    <subfield code="a">NB</subfield>
  </datafield>
  <datafield tag="995" ind1=" " ind2=" ">
    <subfield code="5">2013-10-26</subfield>
    <subfield code="b">NLR01</subfield>
    <subfield code="c">NLR01</subfield>
    <subfield code="e">CSB</subfield>
    <subfield code="f">1-4234160</subfield>
    <subfield code="k">&#x421;737-420/&#x422;-32</subfield>
    <subfield code="o">0</subfield>
    <subfield code="r">BOOK</subfield>
    <subfield code="s">73742032_</subfield>
  </datafield>
  <datafield tag="995" ind1=" " ind2=" ">
    <subfield code="5">2024-02-06</subfield>
    <subfield code="b">NLR01</subfield>
    <subfield code="c">NLR01</subfield>
    <subfield code="e">CSB</subfield>
    <subfield code="f">1-4313939</subfield>
    <subfield code="k">&#x421;737-420/&#x422;-32</subfield>
    <subfield code="o">0</subfield>
    <subfield code="r">BOOK</subfield>
    <subfield code="s">73742032_</subfield>
  </datafield>
</record>
